| 000 | 00544nam a2200169Ia 4500 | ||
|---|---|---|---|
| 005 | 20250508160823.0 | ||
| 008 | 008 250505s9999 xx 000 0 eng d | ||
| 037 | _aBooks to be hide in OPAC | ||
| 040 |
_aFEDL _beng _cFEDL |
||
| 041 |
_aeng _2eng |
||
| 084 |
_a312.954, CEN/O _qFEDL |
||
| 245 | 0 | _aCensus of India 1972: Economic characteristics of population (Selected tables). | |
| 300 | _a91p. | ||
| 490 | _aCensus of India 1972 Series1: India Paper 3 of 1972 | ||
| 942 |
_cHB _h312.954, CEN/O |
||
| 999 |
_c1366803 _d1366803 |
||